Nokturná a pastorále

Bibliographic Details
Main Author: Krčméry-Vrteľová, Jela, 1924-2021 (Author)
Other Authors: Sládek, Anton, 1956- (Photographer), Breier, Pavol, 1921-2014 (Photographer)
Format: Book
Language:Slovak
PhysicalDescription:55 s. fotogr., ilustr. 17 cm
Published: Čadca Tlačové konzorcium Kysuce 1997
Subjects:

MARC

LEADER 00000nam a2200000 a 4500
001 vtls001324839
003 SK-MaSNL
005 20260301160057.0
008 240405s1997 xo a r 000 p slo
015 |a SNBA1998/07-02474 
035 |a SNK000277579 
035 |a urn:nbn:sk:snk-amku85 
035 |a urn:nbn:sk:snk-am004q3h 
035 |a 4C97B8F7-1BCD-4CA5-BB2E-AE2F92E65EB2 
040 |a SNK  |b slo  |c SNK  |e AACR2 
041 0 |a slo 
044 |a xo  |c SK 
080 |a 885.4-1  |2 1981 
100 1 |a Krčméry-Vrteľová, Jela,  |d 1924-2021  |4 aut  |9 107910 
245 1 0 |a Nokturná a pastorále  |c Jela Krčméry-Vrteľová ; foto: Anton Sládek, Pavel Breier 
260 |a Čadca  |b Tlačové konzorcium Kysuce  |c 1997 
300 |a 55 s.  |b fotogr., ilustr.  |c 17 cm 
500 |a Nepredajné 
655 7 |a slovenská poézia  |2 SNKPH  |9 70444 
700 1 |a Sládek, Anton,  |d 1956-  |4 pht  |9 245878 
700 1 |a Breier, Pavol,  |d 1921-2014  |4 pht  |9 168038 
852 |a Slovenská národná knižnica 
958 |a LX 
999 |c 803939  |d 805869 
952 |t P60, <03>, [BOOK], {603}  |a SNK  |b SNK  |y PREZ  |7 0  |p 17A0128159  |o snkSD 69337  |i snkKSP 2997/98  |0 0  |1 0  |4 0  |d 1998-03-18  |l 0  |r 2005-01-02 00:00:00  |w 2026-02-24 
952 |t P60, <04>, [BOOK], {604}  |a SNK  |b SNK  |y VYP  |7 0  |p 17A0128158  |o snkSD 69337 D1  |i snkKSP 2998/98  |0 0  |1 0  |4 0  |d 1998-03-18  |f 1  |l 0  |r 2005-01-02 00:00:00  |w 2026-02-24